000 00307nam a22001217a 4500
008 170210b xxu||||| |||| 00| 0 eng d
041 _aeng
080 _a61
100 _a4
101 _aSHM
245 _aTHE ROLE OF EMERGENCY MEDICINE IN THE FUTURE OF AMERICAN MEDICAL CARE
_cBOWLES, L.TH
942 _2udc
_cBK
999 _c5092
_d5092